Rawls, Planetary Boundaries and the “Donut”: Is A Theory of Justice Compatible with Degrowth (notice n° 2209571)

détails MARC
000 -LEADER
fixed length control field 01835cam a2200157 4500500
005 - DATE AND TIME OF LATEST TRANSACTION
control field 20260412000248.0
041 ## - LANGUAGE CODE
Language code of text/sound track or separate title fre
042 ## - AUTHENTICATION CODE
Authentication code dc
100 10 - MAIN ENTRY--PERSONAL NAME
Personal name Arnsperger, Christian
Relator term author
245 00 - TITLE STATEMENT
Title Rawls, Planetary Boundaries and the “Donut”: Is A Theory of Justice Compatible with Degrowth
260 ## - PUBLICATION, DISTRIBUTION, ETC.
Date of publication, distribution, etc. 2026.<br/>
500 ## - GENERAL NOTE
General note 51
520 ## - SUMMARY, ETC.
Summary, etc. This article expands and broadens John Rawls’ Theory of Justice to outline a society in which free citizens work together, within principles of political justice, towards the ecological and social sustainability of their cooperation. The conceptual framework of the “Donut” by ecological economist Kate Raworth is used to propose an additional principle, called the “Principle of Sustainability,” which takes lexicographic precedence over the two classic Rawlsian principles (Equal Basic Liberties, Difference Principle). One of the main implications of this new principle is that the notion of “circumstances of justice” must be extended to environmental realities (pollution, resource scarcity, ecological overshoot, etc.), so that economic degrowth becomes an integral part of a Rawlsian theory for the Anthropocene. As for objections regarding the alleged psychological and political unfeasibility of degrowth, they must be evaluated in light of a revision of the notion of free and equal citizenship behind the veil of ignorance, which this article also details by showing that ecological knowledge must be part of the basic knowledge mobilized by free citizens in their deliberations on the principles of justice.
786 0# - DATA SOURCE ENTRY
Note Revue de philosophie économique / Review of Economic Philosophy | - | 1 | 2026-02-19 | p. 91-137 | 1376-0971
856 41 - ELECTRONIC LOCATION AND ACCESS
Uniform Resource Identifier <a href="https://shs.cairn.info/journal-revue-de-philosophie-economique-2026-1-page-91?lang=en&redirect-ssocas=7080">https://shs.cairn.info/journal-revue-de-philosophie-economique-2026-1-page-91?lang=en&redirect-ssocas=7080</a>

Pas d'exemplaire disponible.

PLUDOC

PLUDOC est la plateforme unique et centralisée de gestion des bibliothèques physiques et numériques de Guinée administré par le CEDUST. Elle est la plus grande base de données de ressources documentaires pour les Étudiants, Enseignants chercheurs et Chercheurs de Guinée.

Adresse

627 919 101/664 919 101

25 boulevard du commerce
Kaloum, Conakry, Guinée

Réseaux sociaux

Powered by Netsen Group @ 2025